[Event "9th LCC FIDE Open 2017"]
[Site "London"]
[Date "2017.12.03"]
[Round "2"]
[White "Marzano, Carlo"]
[Black "Le Roux, Jean-Pierre"]
[Result "1/2-1/2"]
[WhiteElo "2261"]
[BlackElo "2560"]
[Annotator "TA"]
[PlyCount "130"]
[EventDate "2017.??.??"]
[EventCountry "ENG"]
[SourceTitle "playchess.com"]
[Source "ChessBase"]
[SourceQuality "1"]

{[%evp 11,130,0,7,0,0,-12,28,29,18,18,32,31,38,29,35,32,31,31,22,22,22,0,0,0,1,0,0,-5,17,0,25,0,8,6,21,0,29,-60,-55,-53,-53,-56,-52,-57,-55,-60,-56,-68,-54,-63,-63,-60,-64,-70,-38,-62,-81,-89,-29,-29,0,0,0,0,26,0,-6,-21,-22,-10,0,-10,-14,-33,-18,-14,-17,-45,-44,-45,-33,-36,-40,-45,-15,-67,-68,-67,-53,-60,-30,-23,-28,-38,0,0,0,0,0,0,0,0,0,0,0,0,0,0,0,0,0,0,0,0,0,0,0,0,0,0,0]} 1. d4 Nf6 2. c4 g6 3. Nc3 d5 4. e3 Bg7 5. Qb3 e6 6. Qa3 Nc6 {LiveBook: 73 Partien. D80: Grünfeldindisch (4.Lg5)} 7. Bd2 Ne7 8. Rc1 $146 ({Vorgänger:} 8. Nf3 O-O 9. Be2 b6 10. O-O Bb7 11. Rfd1 Nf5 12. Ne5 dxc4 13. Nxc4 Nd7 14. f4 {½-½ (55) Stukalov,A (2243)-Huzman,A (2577) St Petersburg 2016}) 8... c6 9. Nf3 O-O 10. Bd3 a5 11. b3 Nf5 12. O-O Nd6 13. Rfd1 Nfe4 14. Be1 Nxc3 15. Bxc3 Re8 16. Be2 b6 17. Be1 Bb7 18. Rc2 Qe7 19. Bc3 Rac8 20. Rdc1 Red8 21. Bb2 Bf8 22. Ba1 f6 23. h3 Qe8 24. Qa4 (24. c5 $11 Ne4 25. Bd3) 24... Ra8 $15 {[#] Droht stark ...b5.} 25. c5 b5 $1 {[%cal Rb5a4]} 26. Qa3 Nf7 27. Qb2 Bg7 28. a3 Ra7 29. Qc3 Bc8 30. Qd2 Qe7 31. Bc3 Qc7 $1 32. Qe1 Re8 33. Bd3 e5 34. dxe5 Nxe5 (34... fxe5 $17 {zielt auf ...e4 ab.} 35. Be2 Nd8) 35. Be2 $11 Nf7 36. Nd4 Ra8 37. Bd3 Ng5 38. Qf1 Bd7 39. Ra1 $1 a4 40. b4 f5 41. Ne2 Bxc3 42. Rxc3 Re7 43. Rc2 Ne6 44. Qc1 Rf8 45. Nd4 f4 46. Nxe6 Rxe6 47. exf4 Rxf4 48. Re2 (48. Raa2 $11) 48... Rxe2 $15 49. Bxe2 Qe5 50. Bf1 Bf5 51. Ra2 Re4 {[#] ...Te1 ist eine echte Drohung.} 52. Rd2 Re1 53. Rd1 {Die Stellung ist ausgeglichen.} Rxd1 54. Qxd1 Kf7 55. Qf3 Ke7 56. Qe3 Qxe3 57. fxe3 $11 {[%mdl 4096] Endspiel KL-KL} Ke6 58. Kf2 Ke5 59. Ke2 g5 60. g3 h5 61. h4 Bg4+ 62. Kd3 Bf5+ 63. Kd2 g4 64. Kc3 Be4 (64... Ke4 $5 65. Bd3+ $8 Ke5 $11) 65. Be2 Bf5 {Precision: Weiß = 62%, Schwarz = 54%.} 1/2-1/2

[Event "9th LCC FIDE Open 2017"]
[Site "London"]
[Date "2017.12.03"]
[Round "2"]
[White "Globus, Or"]
[Black "Vishnu Prasanna  V"]
[Result "1-0"]
[WhiteElo "2253"]
[BlackElo "2536"]
[Annotator "TA"]
[PlyCount "53"]
[EventDate "2017.??.??"]
[EventCountry "ENG"]
[SourceTitle "playchess.com"]
[Source "ChessBase"]
[SourceQuality "1"]

{[%evp 19,53,64,71,60,51,56,69,52,61,55,73,66,128,52,125,111,113,27,143,145,137,129,455,458,464,456,440,381,453,443,609,607,546,579,592,574]} 1. d4 Nf6 2. c4 e6 3. Nf3 c5 4. d5 d6 5. Nc3 exd5 6. cxd5 g6 7. Qa4+ {A61: Modern Benoni: Nf3 without early e4} Bd7 8. Qb3 b5 9. Nxb5 Bxb5 10. Qxb5+ Nbd7 {LiveBook: 6 Games} 11. e4 $146 ({Predecessor:} 11. g3 Bg7 12. Bg2 O-O 13. O-O Nb6 14. Nd2 Nfxd5 {1-0 (44) Ivanisevic,I (2630)-Milanovic,D (2517) Kragujevac 2011}) 11... Bg7 12. Bd3 $1 O-O 13. O-O Re8 14. Re1 Rb8 15. Qa6 Nh5 (15... Qb6 $14) 16. Bg5 ({Wrong is} 16. Qxd6 $2 Rb6 $19) (16. Rb1 $16) 16... Bf6 (16... Qc8 $1 $14) 17. Bxf6 $16 ({Not} 17. Qxd6 Bxg5 18. Qa6 (18. Nxg5 $2 Rb6 $19) 18... Bf4 $17) 17... Qxf6 18. Qxa7 (18. b3 $16) 18... Re7 {[#]} (18... Ne5 $1 $11 19. Nxe5 Qxe5) 19. e5 $1 {[%cal Re5f6]} dxe5 {[#]} 20. Qc7 $1 $36 {[%mdl 2048] d6 is the strong threat. Black is under strong pressure.} Rxb2 $2 {[%mdl 8192]} (20... Nf4 $16) 21. d6 $18 Re6 22. Qxd7 Rxd6 23. Qe8+ Kg7 24. Bc4 {White is clearly winning.} Rb4 25. Nxe5 Rd2 26. Qxf7+ Qxf7 27. Bxf7 {Precision: White = 66%, Black = 27%.} 1-0

[Event "9th LCC FIDE Open 2017"]
[Site "London"]
[Date "2017.12.03"]
[Round "2"]
[White "Richardson, John R"]
[Black "Kotronias, Vasilios"]
[Result "0-1"]
[WhiteElo "2243"]
[BlackElo "2524"]
[Annotator "TA"]
[PlyCount "130"]
[EventDate "2017.??.??"]
[EventCountry "ENG"]
[SourceTitle "playchess.com"]
[Source "ChessBase"]
[SourceQuality "1"]

{[%evp 9,130,-26,-32,-27,-33,-31,0,-18,-12,-33,-24,-8,-27,-56,-45,-42,-40,-52,-44,-60,-51,-56,-58,-82,-79,-78,-64,-128,-125,-131,-140,-122,-113,-95,-50,-68,153,-22,0,0,0,-7,-8,-45,-43,-37,-39,-39,-46,-45,-47,-37,-41,-88,-110,-76,0,0,0,0,0,0,14,-54,-39,-105,-105,-159,-159,-159,-159,-159,-159,-156,-159,-145,-137,-134,-25,-26,-26,-27,-29,-93,-55,-87,0,0,0,0,0,0,0,0,0,-12837,-2036,-12841,-12843,-12843,-12843,-12844,-12844,-12845,-12845,-12847,-12847,-12848,-12848,-12850,-12850,-12850,-12850,-12851,-29983,-29984,-29985,-29985,-29986,-29988,-29989,-29989,-29990]} 1. Nf3 Nf6 2. c4 g6 3. b4 Bg7 4. Bb2 O-O 5. g3 Nc6 6. b5 {A15: English Opening: 1...Nf6} Na5 7. d3 c6 $146 ({Predecessor:} 7... a6 8. bxa6 Rxa6 9. Bg2 d6 10. O-O e5 11. Qc2 Nd7 12. Nc3 Nc5 13. Nd2 {0-1 (53) Jessel,S (2334)-Bogner,S (2599) Douglas 2017}) 8. Bg2 {The position is equal.} d5 9. cxd5 cxb5 10. e4 e6 11. d6 e5 $1 ({Avoid the trap} 11... Qxd6 $2 12. e5 $18) 12. Bxe5 Nc6 13. Bb2 Qxd6 14. e5 Qb4+ 15. Bc3 Qe7 16. O-O Nd5 {[%cal Bf6d5,Bd5b4,Bb4d3][%mdl 32]} 17. Bb2 Bf5 (17... Nxe5 $2 18. Nxe5 Bxe5 19. d4 $16) 18. Nh4 (18. d4 $15) 18... Be6 $17 ({But not} 18... Bxe5 $6 19. Nxf5 gxf5 20. Re1 $11) 19. d4 Rfd8 20. Nd2 Ndb4 21. Nhf3 Nd3 22. Qb1 Bf5 $2 {[#]} (22... Nxb2 $15 {keeps the upper hand.} 23. Qxb2 f6) 23. Nh4 $2 (23. g4 $1 $16 {[%mdl 512]}) 23... Nxb2 24. Nxf5 gxf5 25. Qxb2 Nxd4 26. f4 Rac8 $36 {[%mdl 2048] Black has some pressure.} 27. Nb3 $1 {[%cal Rb3d4]} Rc2 28. Qb1 {Strongly threatening Nxd4.} Qc7 29. Rd1 $1 Ne2+ 30. Kh1 Rc8 {And now ...Qc3 would win.} 31. Rd2 Rxd2 32. Nxd2 Qc1+ ({Better is} 32... Qd7 $1 $17 {...Rc1+ is the strong threat.} 33. Qe1 Rc2) 33. Qxc1 $11 Rxc1+ 34. Rxc1 Nxc1 {[%mdl 4096] Endgame KBN-KBN} 35. Bd5 a5 36. Kg2 (36. Nb3 $1 $11 Nxb3 37. Bxb3) 36... a4 $1 $15 37. Nb1 (37. Kf2 $15) 37... b4 $1 $17 38. Kf2 (38. a3 $142) 38... Bf8 39. Ke1 {[#]} Nxa2 $1 {[%mdl 512]} 40. Bxa2 {Threatens to win with Bd5.} b3 41. Bxb3 axb3 {KB-KN} 42. Kd1 Bb4 43. Kc1 {[#] intending Kb2.} Bc5 (43... f6 $1 $17 {[%mdl 512] Black wants to play ...fxe5.} 44. exf6 Bc5) 44. Nc3 $1 $11 Bg1 45. h3 Bf2 46. Ne2 (46. Nd5 $11) 46... h5 47. Kb2 {[#]} f6 (47... Kf8 $1 $17) 48. Kxb3 Kf7 49. Kc4 Ke6 50. exf6 Kxf6 51. Kd5 $1 b5 {[%cal Bb7b5,Bb5b4,Bb4b3][%mdl 32]} 52. g4 $2 {[%mdl 8192]} (52. Nd4 $11) 52... fxg4 (52... hxg4 $142 53. hxg4 fxg4) 53. hxg4 hxg4 54. Ke4 b4 55. Nc1 Bc5 56. Nb3 Bd6 57. Nd4 g3 {[%cal Bg4g3,Bg3g2][%mdl 32]} 58. Ne2 b3 59. Kd3 g2 60. Kc3 Kf5 61. Kxb3 Bxf4 62. Kc2 {Black mates.} Ke4 63. Kd1 Be3 64. Ke1 Kf3 65. Kd1 Kf2 {Precision: White = 47%, Black = 67%.} 0-1

[Event "9th LCC FIDE Open 2017"]
[Site "London"]
[Date "2017.12.03"]
[Round "2"]
[White "Britton, Richard L"]
[Black "Stany, G A"]
[Result "1-0"]
[WhiteElo "2239"]
[BlackElo "2502"]
[Annotator "TA"]
[PlyCount "111"]
[EventDate "2017.??.??"]
[EventCountry "ENG"]
[SourceTitle "playchess.com"]
[Source "ChessBase"]
[SourceQuality "1"]

{[%evp 25,111,20,69,16,18,0,52,15,21,-8,0,0,0,-14,0,-19,13,0,139,0,97,79,85,84,85,97,93,75,94,0,0,0,0,0,0,0,0,0,0,-13,-16,-11,0,-16,-16,-18,0,-10,0,0,0,0,0,-16,-16,-183,0,-52,-11,-28,0,-42,0,-15,-36,-49,0,0,0,-87,-85,-426,-423,-461,-368,-403,0,0,781,66,66,66,69,74,667,635,1108,1106]} 1. e4 g6 2. Nf3 Bg7 3. d3 c5 4. g3 Nc6 5. Bg2 e5 6. O-O Nge7 7. c3 O-O 8. a3 a5 9. a4 d6 10. Na3 h6 11. Nd2 Be6 {A04: Unusual lines after 1 Nf3 and King's Indian Attack} (11... f5 12. Ndc4 Be6 13. Nb5 Nc8 14. exf5 gxf5 15. f4 e4 16. Ne3 d5 17. dxe4 dxe4 18. Qxd8 Nxd8 19. Nc7 {1-0 (53) Wang,Y (2720)-Dominguez Perez,L (2726) Beijing 2014}) 12. Ndc4 d5 13. exd5 Bxd5 {LiveBook: 7 Games. The position is equal.} 14. Bxd5 (14. Bh3 $14) 14... Nxd5 $11 15. Nb5 Qf6 $146 (15... Qd7 $11) ({Predecessor:} 15... b6 16. Qf3 Rb8 17. Ncd6 Nde7 18. Qe4 Qd7 19. f4 {1-0 (37) Janev,E (2461)-Kozhuharov,S (2391) Sliven 2009}) 16. Qe2 Rad8 17. Bd2 Rd7 18. Rad1 Rfd8 19. Bc1 Qf5 20. Rfe1 Nf6 21. Kg2 Ne8 (21... Rxd3 $2 22. Nbd6 $18) (21... g5 $11 {keeps the balance.}) 22. f3 (22. Nb6 $1 $16) 22... Rxd3 (22... g5 $1 $11) 23. g4 $1 $16 {[%cal Rg4f5]} Qd7 24. Nb6 Rxd1 25. Nxd7 R1xd7 26. Be3 b6 27. Qc4 (27. Bc1 $16) 27... Nf6 $11 28. Na3 {[#]} e4 $1 {[%mdl 512] Strongly threatening ...Ne5.} 29. f4 (29. fxe4 Ne5) 29... Nxg4 30. Qxe4 Ne7 31. Nc4 Nf5 {And now ...Re7 would win.} 32. Bf2 Nxf2 (32... Nd6 {feels hotter.} 33. Nxd6 Nxf2 34. Kxf2 Rxd6 35. Re2 Bf6) 33. Kxf2 Nd6 34. Nxd6 Rxd6 35. Re2 h5 36. Qb7 Bh6 37. f5 Rf6 38. Ke1 Bg5 39. Re5 Bf4 40. Re4 $2 (40. Qe7 $11 {and White has nothing to worry.} Rdd6 41. Rd5) 40... g5 $2 ({But not} 40... Bxh2 41. fxg6 Rxg6 42. Re7 $17) (40... Rxf5 $19 41. Qxb6 Rb8 42. Qxb8+ Bxb8 43. Re8+ Kg7 44. Rxb8 Rf4) 41. Re2 (41. Rxf4 $11 gxf4 42. Qe7) 41... Kg7 42. Qe4 $1 h4 $36 {[%mdl 2048] Black is pushing.} 43. h3 Rd7 (43... c4 $5) 44. b3 Rfd6 {Hoping for ...Rd1+.} 45. Kf2 Rf6 46. Kf3 Rd1 47. Kf2 (47. Kg2 $11 {remains equal.}) 47... Rfd6 $17 48. Kg2 $2 {[%mdl 8192]} (48. Qe8 $17 {is a better chance.}) 48... R1d3 $1 $19 ({Weaker is} 48... R6d3 49. f6+ $1 {[%mdl 512]} Kxf6 50. Qh7 $11) 49. Qe7 Rg3+ 50. Kf2 {[#] intending Re6.} Rxh3 $2 (50... Rf6 $1 $19 {[%cal Rf6f5]} 51. Qd7 Rxc3) 51. Re6 $1 $11 {Intending Qf6+ and mate.} Bg3+ $2 {[%mdl 8192]} (51... Rd2+ $11 52. Kg1 Rg3+ 53. Kf1 Kg8 54. Qe8+ Kg7) 52. Kf3 $2 ({White should try} 52. Ke2 $18 {Qf6+ would kill now.} Rh2+ 53. Kf3 Rf2+ 54. Kg4 Rf4+ 55. Kh5 Rxe6 56. fxe6) 52... Rxe6 $1 $14 53. Qxg5+ {[#]} Rg6 $1 {[%cal Rg6g5]} 54. fxg6 Be5+ $2 {[%mdl 8192]} (54... fxg6 55. Qe7+ Kh6 56. Kg4 $18) (54... Bd6+ $16 55. Ke4 Rg3 56. Qxh4 Rxg6) 55. Ke4 $18 Bf6 56. Qd5 {Precision: White = 28%, Black = 32%.} 1-0

[Event "9th LCC FIDE Open 2017"]
[Site "London"]
[Date "2017.12.03"]
[Round "2"]
[White "Blasco Coll, Andreu"]
[Black "Vakhidov, Jakhongir"]
[Result "0-1"]
[WhiteElo "2236"]
[BlackElo "2500"]
[Annotator "TA"]
[PlyCount "48"]
[EventDate "2017.??.??"]
[EventCountry "ENG"]
[SourceTitle "playchess.com"]
[Source "ChessBase"]
[SourceQuality "1"]

{[%evp 16,48,16,0,0,8,8,0,22,-33,-45,-147,-15,-11,0,-97,-98,-117,-95,-116,-105,-1195,-1090,-1256,-1236,-1225,-1180,-2545,-2428,-29993,-29992,-29992,-29993,-29993,-29994]} 1. d4 Nf6 2. c4 g6 3. Nc3 Bg7 4. e4 d6 5. f3 O-O 6. Be3 a6 7. Nge2 Nbd7 {E81: Königsindisch (Sämisch-Angriff)} (7... Nc6 8. Qd2 Rb8 9. Rc1 Bd7 10. h4 h5 11. Nd1 e5 12. d5 Ne7 13. Nf2 Nh7 14. c5 f5 15. Qb4 fxe4 16. fxe4 Rf6 17. cxd6 cxd6 {1-0 (37) Kovalenko,I (2667)-Smirin,I (2676) Poikovsky 2016}) 8. Qd2 b5 9. cxb5 {LiveBook: 3 Partien} axb5 {Die Stellung ist ausgeglichen.} 10. Nxb5 c6 11. Nbc3 e5 12. g3 $146 (12. d5 $11) ({Vorgänger:} 12. d5 Nb6 13. dxc6 Nc4 14. Qc1 Nxe3 15. Qxe3 {½-½ (28) Rosen,L (2327)-Sandstroem,L (2232) ICCF email 2011}) 12... d5 $15 13. exd5 {[#]} (13. Bg2 $15) 13... Nxd5 ({Günstiger ist} 13... Nb6 $1 $17 14. dxc6 Nc4) 14. Nxd5 $11 cxd5 15. Bg2 (15. Nc3 $11) 15... Ba6 $17 {Weiss muss nun ...Te8 beachten.} 16. Kf2 exd4 17. Bxd4 Ne5 {...Sd3+ ist eine echte Drohung.} 18. Nf4 $2 {[%mdl 8192] [#]} (18. Bf1 $17) 18... Nd3+ $1 $19 {[%mdl 512]} 19. Nxd3 Bxd4+ 20. Kf1 Re8 21. Re1 Qa5 22. b4 Bxd3+ {Schwarz setzt Matt.} 23. Qxd3 Rxe1+ 24. Kxe1 Qxb4+ {Precision: Weiß = 18%, Schwarz = 76%.} 0-1

[Event "9th LCC FIDE Open 2017"]
[Site "London"]
[Date "2017.12.03"]
[Round "3"]
[White "Sargissian, Gabriel"]
[Black "Bartholomew, John"]
[Result "1/2-1/2"]
[WhiteElo "2672"]
[BlackElo "2448"]
[Annotator "TA"]
[PlyCount "71"]
[EventDate "2017.??.??"]
[EventCountry "ENG"]
[SourceTitle "playchess.com"]
[Source "ChessBase"]
[SourceQuality "1"]

{[%evp 20,71,7,17,30,18,12,9,27,0,0,0,0,-18,-34,-20,9,8,20,20,49,45,45,43,53,6,15,0,0,0,0,-25,-26,-23,-21,-6,-8,-17,-13,-25,-23,-37,0,0,0,0,0,-95,0,0,0,-85,0,0]} 1. d4 d5 2. c4 c6 3. Nf3 Nf6 4. e3 Bf5 5. Nc3 e6 6. Nh4 Bg6 7. Nxg6 hxg6 8. Bd3 c5 {D12: Slav Defence: 3 Nf3 Nf6 4 e3 Bf5} 9. Qb3 Qd7 10. cxd5 exd5 11. dxc5 {LiveBook: 3 Games} Nc6 {[%cal Bb8c6,Bc6e5,Be5c4][%mdl 32]} 12. Bd2 {[%cal Bc1d2,Bd2c3,Bc3d4][%mdl 32]} Bxc5 13. Ne2 $146 ({Predecessor:} 13. Rc1 Rd8 14. Na4 Bd6 15. Nc5 Bxc5 16. Rxc5 {0-1 (34) Wojtaszek,R (2745)-Topalov,V (2741) Shamkir 2017}) 13... Rd8 14. O-O-O O-O 15. Kb1 Ne5 16. Bc2 Nc4 17. Bc3 Qc6 18. Nd4 Bxd4 19. Bxd4 Ne4 20. Bxe4 $1 dxe4 21. Qc3 f6 22. Ka1 Rc8 23. Qb3 Kh7 24. h4 Rfd8 25. Qc2 (25. g4 {keeps more tension.} Nd2 26. Qa3 Nf3 27. Bc3 a6 28. g5) 25... Ne5 26. Qxc6 Nxc6 27. Bc3 Kh6 28. a4 Kh5 29. Ka2 a6 30. Kb3 b5 31. axb5 axb5 32. Rxd8 Rxd8 33. Kc2 (33. Ra1 $1 $11) 33... Rc8 (33... b4 $17 34. Bd2 {[#]} b3+ $1 {[%mdl 512]} 35. Kd1 Ne5) 34. Kb3 $11 Rd8 (34... Re8 $11) 35. Kc2 $17 Rc8 ({Better is} 35... b4 $17 36. Bd2 Ne5 37. Bxb4 Nd3) 36. Kb3 {Precision: White = 43%, Black = 68%.} 1/2-1/2

[Event "9th LCC FIDE Open 2017"]
[Site "London"]
[Date "2017.12.03"]
[Round "3"]
[White "Iturrizaga Bonelli, Eduardo"]
[Black "Britton, Richard L"]
[Result "1-0"]
[WhiteElo "2665"]
[BlackElo "2239"]
[Annotator "TA"]
[PlyCount "59"]
[EventDate "2017.??.??"]
[EventCountry "ENG"]
[SourceTitle "playchess.com"]
[Source "ChessBase"]
[SourceQuality "1"]

{[%evp 17,59,17,45,29,53,38,76,68,79,31,35,17,33,-17,100,97,213,223,222,226,213,210,214,219,222,213,538,531,525,539,543,533,524,509,524,508,579,567,1060,1051,29989,29990,29990,29991]} 1. Nf3 Nf6 2. c4 g6 3. Nc3 Bg7 4. g3 O-O 5. Bg2 d6 6. d4 Nbd7 7. O-O e5 8. e4 Re8 9. Re1 {E68: Königsindisch (Hauptvariante des g3-Systems mit e2-e4)} (9. h3 exd4 10. Nxd4 Nc5 11. Re1 Bd7 12. Bf4 h6 13. g4 Nh7 14. Be3 Ne6 15. Qd2 Nxd4 16. Bxd4 Bxd4 17. Qxd4 Qf6 18. Qxf6 Nxf6 19. c5 dxc5 20. e5 Nh7 {½-½ (45) Goloshchapov,A (2585)-Naiditsch,A (2684) Germany 2017}) 9... a6 {LiveBook: 4 Partien} 10. d5 Rf8 11. Rb1 $146 {Weiß steht etwas besser.} ({Vorgänger:} 11. h3 Ne8 12. Bg5 f6 13. Be3 Qe7 14. Qd2 Kh8 15. Nh2 c5 16. dxc6 bxc6 17. b4 {1-0 (36) Pezerovic,E (2398)-Wolf,A (2124) Bayern 2007}) 11... Ne8 12. b4 Qe7 13. Qd3 f5 14. exf5 gxf5 15. Nh4 Qf6 (15... e4 $11 16. Qc2 Ne5) 16. Qc2 $16 e4 {[#]} (16... Kh8 $16 {war angesagt.}) 17. Nxe4 $1 $18 {[%mdl 512]} fxe4 18. Bxe4 Ne5 19. Bxh7+ Kh8 20. f4 Bh3 21. Bb2 Qxh4 $2 (21... Qh6 {ist zäher.}) 22. gxh4 Nf3+ 23. Kf2 {[%cal Bg1f2,Bf2g3,Bg3h3][%mdl 32]} Nxe1 24. Rxe1 Bxb2 25. Kg3 Bg7 26. Kxh3 Rxf4 27. Re7 Rf6 28. Bg6 Rf8 29. Bf7 Nf6 30. Qg6 {Precision: Weiß = 60%, Schwarz = 18%.} 1-0

[Event "9th LCC FIDE Open 2017"]
[Site "London"]
[Date "2017.12.03"]
[Round "3"]
[White "Melkumyan, Hrant"]
[Black "Hebden, Mark L"]
[Result "1-0"]
[WhiteElo "2633"]
[BlackElo "2445"]
[Annotator "TA"]
[PlyCount "73"]
[EventDate "2017.??.??"]
[EventCountry "ENG"]
[SourceTitle "playchess.com"]
[Source "ChessBase"]
[SourceQuality "1"]

{[%evp 21,73,32,21,0,0,34,62,43,33,44,56,-28,-25,-21,37,-68,0,-23,0,-8,33,-259,-253,-206,-213,-386,-370,-440,-431,-293,248,251,238,109,240,245,266,254,231,182,311,300,310,308,361,336,393,385,375,350,471,466,419,422]} 1. Nf3 Nf6 2. d4 g6 3. g3 Bg7 4. Bg2 O-O 5. O-O d6 6. b3 c5 7. Bb2 cxd4 8. Nxd4 d5 9. c4 e5 {A49: 1 d4 Nf6 2 Nf3 g6 3 g3: Anti-King's Indian systems} (9... dxc4 10. bxc4 Qb6 11. Qb3 Nfd7 12. e3 Nc5 13. Qa3 Nc6 14. Nb3 Bxb2 15. Qxb2 Na5 16. N1d2 Be6 17. Qc3 Naxb3 18. axb3 a5 {½-½ (45) Fressinet,L (2657)-Libiszewski,F (2531) Paris 2017}) 10. Nc2 d4 11. e3 d3 {LiveBook: 5 Games. White is slightly better.} 12. Ne1 e4 13. Nd2 Re8 14. Bxf6 Qxf6 15. Rb1 Qf5 $146 {[#]} ({Predecessor:} 15... Bf5 16. g4 Nc6 17. gxf5 gxf5 {1-0 (56) Bendig,F (2330)-Neven,K (2382) IECG email 2006}) 16. f3 (16. g4 $1 $14 {[%mdl 512]} Qxg4 17. Nxe4 $1 {[%mdl 512]}) 16... exf3 $11 17. Bxf3 Rxe3 (17... Qc5 $11) 18. Ng2 (18. Bd5 $1 $14 Qh3 19. Rxf7) 18... Rxf3 (18... Re7 $1 $15 19. Bd5 Qd7) 19. Nxf3 Nc6 {[%cal Bb8c6,Bc6d4,Bd4e2][%mdl 32]} 20. Kh1 b6 21. Nd4 $2 {[%mdl 8192]} (21. Qd2 $14) 21... Nxd4 $19 22. Rxf5 Bxf5 23. Qf1 $2 (23. g4 Be4 24. Qd2) 23... Re8 $1 24. Re1 Ne2 $1 25. Qf2 Bd4 $4 {[%mdl 8192] [#]} (25... Be4 $19 {and life is good for Black. Strongly threatening ...Bd4.} 26. Rf1 f5) 26. Qxd4 $3 $18 {[%mdl 512]} Nxd4 27. Rxe8+ {[%mdl 4096] Endgame KRN-KBN} Kg7 {[#]} 28. Ne3 $1 Kf6 29. Kg2 Bd7 30. Re4 Nf5 (30... Nc2 $142 31. Nd5+ Kg7) 31. Nd5+ Kg7 {...d2 is the strong threat.} 32. Kf2 b5 33. cxb5 d2 34. Nc3 Bxb5 35. g4 Bd3 36. Ra4 Nd6 37. Ke3 {Precision: White = 43%, Black = 49%.} 1-0

[Event "9th LCC FIDE Open 2017"]
[Site "London"]
[Date "2017.12.03"]
[Round "3"]
[White "Cornette, Matthieu"]
[Black "Wells, Peter K"]
[Result "1-0"]
[WhiteElo "2606"]
[BlackElo "2441"]
[Annotator "TA"]
[PlyCount "101"]
[EventDate "2017.??.??"]
[EventCountry "ENG"]
[SourceTitle "playchess.com"]
[Source "ChessBase"]
[SourceQuality "1"]

{[%evp 12,101,54,18,32,-34,14,12,51,43,69,43,59,54,56,14,82,77,87,61,56,49,66,75,64,35,44,38,37,4,10,19,17,18,40,-12,0,-7,32,22,28,20,61,46,41,0,0,0,0,0,24,-17,0,0,66,65,67,52,117,88,164,15,224,219,237,237,229,185,202,192,149,120,197,168,187,175,465,196,468,418,582,560,572,562,1239,1192,1202,1180,5669,5033,2041,2005]} 1. Nf3 d5 2. c4 e6 3. g3 dxc4 4. Bg2 Nf6 5. O-O c6 (5... a6 6. a4 Nc6 7. Qc2 Na5 8. Na3 Qd5 9. Rd1 Bd7 10. d4 Qf5 11. Bd2 Qxc2 12. Nxc2 Nb3 13. Ra2 Bc6 14. Ne5 Bd5 {½-½ (68) So,W (2810)-Ding,L (2777) Tbilisi 2017}) 6. a4 {A13: English Opening: 1...e6} a5 7. Qc2 {LiveBook: 3 Games} Na6 8. Ne5 $146 ({White should play} 8. Na3 $14) ({Predecessor:} 8. Qxc4 Be7 9. Nc3 O-O 10. d4 Nb4 11. Rd1 b6 12. Ne5 Ba6 13. Qb3 {½-½ (36) Gagare,S (2268)-Laxman,R (2434) New Delhi 2012}) 8... Nb4 9. Qxc4 g6 10. d4 Bg7 11. Bd2 Nfd5 12. e4 Nb6 13. Qc5 (13. Qb3 {keeps more tension.} O-O 14. Be3 c5 15. dxc5 Bxe5 16. cxb6 Bd4 17. Bxd4 Qxd4 18. Rd1) 13... Bf8 (13... Qe7 $11) 14. Qc1 $16 Bg7 15. Nf3 (15. Be3 {is interesting.} f6 16. Nf3 O-O 17. Rd1 f5 18. Nc3) 15... O-O 16. Rd1 Qe7 17. Be3 Nd7 18. Na3 b6 19. Nc4 Ba6 20. Bf4 {aiming for Bd6.} Bxc4 21. Qxc4 e5 22. Bg5 Bf6 23. Bh6 (23. Bxf6 $14 Qxf6 24. Rd2) 23... Rfd8 $11 24. d5 Qc5 25. Qe2 cxd5 26. exd5 Rac8 27. Nd2 Qc2 28. Qf3 Bg7 29. Bxg7 $1 Kxg7 30. Ne4 $1 {[%cal Re4d6] With the idea Nd6.} f5 31. Ng5 {[#] Qe3 is the strong threat.} Nf8 {Hoping for ...e4.} 32. Qe3 $36 {[%mdl 2048] White is more active.} Qxb2 ({Black should try} 32... Qc7 $11 33. d6 Qc5) 33. Qxb6 $14 {And now Qb7+ would win.} ({Reject} 33. Rab1 Qc3 $15) 33... Nd3 34. Qe3 $1 {[%cal Re3d3]} e4 (34... Nb4 $14) 35. Rab1 $16 Qf6 (35... Qc3 $16 {keeps fighting.}) 36. Bxe4 (36. Rb6 $18 Qc3 37. Bxe4) 36... Nc5 $2 {[#]} (36... Nb2 $1 $11 {and Black has nothing to worry.} 37. Rdc1 fxe4) 37. Bg2 $18 h6 38. Nf3 Nxa4 39. Rb7+ Rd7 40. Rxd7+ Nxd7 41. Qa7 Nac5 (41... Nab6 $16 {was called for.}) 42. Qxa5 f4 43. Nd4 Ne5 $2 (43... Re8 44. Qc7 fxg3 45. hxg3 (45. fxg3 Qe5 $16) 45... Qe5) 44. Nc6 (44. Rc1 $142) 44... Ncd3 $2 (44... Ned7 45. Re1 Rf8) 45. Qa7+ Kh8 46. Be4 {White is clearly winning.} Nb2 47. Rb1 Nec4 48. Ne7 Re8 49. d6 Qxd6 50. Nxg6+ Kg8 51. Nxf4 {Precision: White = 50%, Black = 35%.} 1-0